Rocket League Youtubers (2019) - Statistics

General Stats
  • This quiz has been taken 251 times
    244 since last reset
  • The average score is 6 of 15
Answer Stats
Hint Youtuber % Correct
Opens large quantities of crates weekly, but also recently got Grand Champion for the first time. Jon Sandman
91%
Long time freestyler, started doing more competitive gameplay. JZR
65%
Most subscribed full time pro player, known for a specific ceiling shot in RLCS. Squishy Muffinz
62%
Part of G2, but also known for his Youtube videos with other pros and his road to GC. Rizzo
61%
Plays with Rizzo and used to be on a pro team, last seen as a coach for Rogue. Sizz
40%
Known as the mountain, he stopped uploading, but recently started to upload more consistently. Kronovi
39%
Commonly seen as the best Rocket League Youtuber currently uploading. SunlessKhan
38%
Does challenges in competitive, with the likes of Musty and Linkuru MERTZY
34%
Usually seen as a counterpart to Sunless Khan, who uploads similar-ish videos. FLuuMP
33%
Uploads his Twitch streams and more to his Youtube channel, also a caster. JohnnyBoi_i
31%
Dead channel, but still well known in the community for his funny commentary. Neatmike
31%
Mostly known for crate openings and not much else. Pickapixel
29%
Used to play Rocket League mostly, but now play Fortnite instead. Woofless
16%
Uploads highly-edited montages of pro players, mechanics and more. Rocket League FX
11%
Currently uploads mostly Minecraft, but still streams Rocket League. Phantom Ace
2%
No matching quizzes found
Score Distribution
Percent of People with Each Score
Percentile by Number Answered
Your Score History
You have not taken this quiz since the last reset